000 01878nam a2200421 a 4500
999 _c167568
_d167568
003 BLK
005 20240221130632.0
008 180411b bul|||||r ||||||| ||bul||
010 _aKNG00175379000
040 _aBLK
041 _aBUL
_cBUL
072 7 _2bullib
_aК
_xКраезнание
080 _aСелскостопански машини и инструменти. Селскостопанско машиностроене
_b631.3
_x(497.215)
_z631.3(497.215)
100 1 _aМаринова-Куюмджиева, Боянка
_eпърви автор
_9382401
139 _aМаринова-Куюмджиева, Боянка и др.
_bМ 31
245 1 0 _aВ авангарда на класата
_bИст. очерк за ДМЗ Г. Димитров - Русе
_cБоянка Маринова-Куюмджиева, Петър Великовски; * Боянка Маринова.
257 _aBGR
260 _aСофия
_bПрофиздат
_c1979
300 _a131 с.
_bс ил.
_c20 см
380 _a62
500 _aНа кор. авт. Боянка Маринова-Куюмджиева означена Б. Маринова. - 4 150 тир.
650 4 _aМашиностроене - България
_9289791
650 4 _aРусе - стопанско развитие
_9275828
651 4 _aБългария
_9241624
651 4 _aРусе
_9179462
653 _aмашиностроене
653 _aзаводи
653 _aСпарки
659 _aК
700 1 _aВеликовски, Петър Иванов
_gИсторик
_947059
700 1 _aМаринова, Боянка
_e*
_9337561
852 _aЦб 101368
_bЦб
852 _aК 63/М 31 Б
856 4 _qpdf
_i0.00
_ldisable
856 4 _qpdf
_i0.00
_ldisable
942 _cKNG
_n0
_01
_s1
944 _aCR
_c15.05.2015
_lГеновева Генчева
_k30560